00382nam a2200133Ia 450000500170000000800410001702000180005808200250007610000210010124500520012226000270017430000140020165000330021520250417115646.0231217s9999 xx 000 0 und d a9788131413555 a614.599392 SUD;1 R aSudarshan, N ed. 0aHIV/AIDS health cares and human rights approach c2007bIcfaiaHyderabad aviii, 206 aHIV/AIDS,health,cares,rights